Evaluación hidrotécnica del río Wawa a la altura del cruce del lanchón, Puerto Cabezas, RACCN

En el presente trabajo investigativo, se realizó una evaluación hidrotécnica del río Wawa a la altura del cruce del lanchón, con el propósito de proponer la ubicación de un puente. Se utilizaron softwares para procesar la información geográfica, hidrológica e hidráulica, los cuales permit...

Full description

Bibliographic Details
Main Authors: Valle Téllez, Grettel Marluz, Vílchez Taylor, Chipper John
Other Authors: Tutor: Fajardo González, Ricardo Javier
Format: Tesis Section = Libro
Language:Undetermined
Spanish
Published: Managua UNI 2021
Subjects:
LEADER 01383nam a2200277Ia 4500
008 240830s9999 xx 000 0 und d
040 |a BIBLIOTECA-RUPAP/ Mon 627 V181 
041 |a spa 
082 |a Mon 627 V181 
100 1 |a Valle Téllez, Grettel Marluz 
100 1 |b Vílchez Taylor, Chipper John 
245 1 0 |a Evaluación hidrotécnica del río Wawa a la altura del cruce del lanchón, Puerto Cabezas, RACCN 
260 |a Managua  |b UNI  |c 2021 
300 |a 78 p. :il. 
500 |a Contiene: anexos y CD. 
502 |a Tesis (Ingeniero Civil) - UNI, 2021. 
520 3 |a En el presente trabajo investigativo, se realizó una evaluación hidrotécnica del río Wawa a la altura del cruce del lanchón, con el propósito de proponer la ubicación de un puente. Se utilizaron softwares para procesar la información geográfica, hidrológica e hidráulica, los cuales permiten caracterizar la zona de estudio, determinar la escorrentía en forma de hidrograma a partir de un evento de precipitación y, evaluar el comportamiento hidráulico en el tramo del río. 
650 7 |a INGENIERÍA HIDRAULICA –NICARAGUA 
650 7 |b  CUENCAS HIDROGRAFICAS 
650 7 |c  MEDICION DE CORRIENTES 
650 7 |d  PUENTES-CONSTRUCCION 
650 7 |e  DRENAJE 
700 1 |a Tutor:  |b Fajardo González, Ricardo Javier 
942 |c BK  |2 ddc 
991 |a TESIS 
999 |c 18966